[Event "4NCL/Div4/FCA2 vs. NOTT2"]
[Site "Wokefield Park ENG"]
[Date "2007.11.24"]
[Round "3.2"]
[White "Thompson, Brian"]
[Black "Fraser-Mitchell, Jeremy"]
[Result "0-1"]
[WhiteElo "1943"]
[BlackElo "2078"]
[PlyCount "126"]
[EventDate "2007.11.24"]
[EventType "team"]
[EventRounds "11"]
[EventCountry "ENG"]
[SourceDate "2007.09.15"]

1. d4 f5 2. Bg5 g6 3. Nd2 Bg7 4. e4 fxe4 5. Nxe4 d5 6. Nc5 b6 7. Nd3 Nd7 8. Nf3
Ngf6 9. Nf4 Nb8 10. Bd3 O-O 11. O-O Nc6 12. Re1 Qd6 13. Qe2 Bg4 14. Bxf6 Qxf4
15. Bxg7 Kxg7 16. c3 Bxf3 17. Qxf3 Qxf3 18. gxf3 Kf6 19. Bb5 Nd8 20. Bd7 e6 21.
Re3 Ke7 22. Ba4 Kd6 23. Rae1 Rf6 24. Bd1 Nf7 25. Kg2 Rf8 26. b3 c5 27. R1e2 Nd8
28. dxc5+ bxc5 29. b4 cxb4 30. cxb4 Nc6 31. a3 Nd4 32. Rd2 Rf4 33. Red3 e5 34.
Rc3 R8f5 35. Rc5 Rg5+ 36. Kf1 Rh4 37. f4 Rxf4 38. Ra5 Rh4 39. f3 Rh3 40. Ra6+ {
=} Kc7 41. Rxa7+ Kb6 42. Rf7 Rf5 43. Rxf5 Nxf5 44. Kg2 Rh4 45. Re2 {=} e4 46.
fxe4 dxe4 47. Bc2 Nd6 48. Kg3 g5 49. Rf2 h5 50. Rf6 Kc7 51. Bd1 e3 52. Re6 Nf5+
53. Kg2 Rd4 54. Be2 Rd2 55. Kf1 Rxe2 56. Kxe2 Nd4+ 57. Kxe3 Nxe6 58. Ke4 g4 59.
Ke3 Kd6 60. a4 Ke5 61. Kf2 Kf4 62. b5 Nc7 63. b6 Na6 0-1

[Event "4NCL/Div4/FCA2 vs. NOTT2"]
[Site "Wokefield Park ENG"]
[Date "2007.11.24"]
[Round "3.3"]
[White "Adebajo, Femi"]
[Black "Taylor, Robert P"]
[Result "0-1"]
[WhiteElo "2043"]
[BlackElo "1990"]
[PlyCount "94"]
[EventDate "2007.11.24"]
[EventType "team"]
[EventRounds "11"]
[EventCountry "ENG"]
[SourceDate "2007.09.15"]

1. e4 d6 2. d4 Nf6 3. Nc3 Nbd7 4. Be3 c6 5. h3 e5 6. Nf3 b5 7. Bd3 Be7 8. O-O
Qc7 9. d5 b4 10. dxc6 bxc3 11. cxd7+ Bxd7 12. b3 Bc6 13. Ng5 h6 14. Nxf7 Kxf7
15. Bc4+ Ke8 16. f3 Rd8 17. Qe1 d5 18. exd5 Bxd5 19. Bd3 Rf8 20. Qg3 Bd6 21.
Qg6+ Rf7 22. Rae1 Kf8 23. Kh1 Ng8 24. Rf2 Rf6 25. Qh5 Bf7 26. Qg4 Re8 27. Ref1
Be6 28. Qa4 Re7 29. f4 exf4 30. Bxf4 Bxf4 31. Rxf4 Rxf4 32. Rxf4+ Nf6 33. Qd4
Bf7 34. Rf1 Nh5 35. Kg1 Ng3 36. Rf3 Rd7 37. Qf2 Nh5 38. Qh4 Nf6 39. Rxf6 gxf6
40. Qxh6+ Ke7 41. Qh4 Qc5+ 42. Kh1 Rd5 43. Qe4+ Re5 44. Qh7 Re1+ 45. Kh2 Qg1+
46. Kg3 Re3+ 47. Kf4 Qf2+ 0-1

[Event "4NCL/Div4/FCA2 vs. NOTT2"]
[Site "Wokefield Park ENG"]
[Date "2007.11.24"]
[Round "3.4"]
[White "Graham, Neil"]
[Black "Majer, Chris E"]
[Result "1/2-1/2"]
[WhiteElo "1895"]
[BlackElo "2060"]
[PlyCount "31"]
[EventDate "2007.11.24"]
[EventType "team"]
[EventRounds "11"]
[EventCountry "ENG"]
[SourceDate "2007.09.15"]

1. d4 Nf6 2. f3 d5 3. e4 dxe4 4. Nc3 e3 5. Bxe3 e6 6. Bc4 Be7 7. Nge2 Nc6 8.
O-O O-O 9. Qe1 Nd5 10. Nxd5 exd5 11. Bd3 Nb4 12. Qd2 Nxd3 13. Qxd3 Bd6 14. Bf4
c6 15. Bxd6 Qxd6 16. Ng3 1/2-1/2

[Event "4NCL/Div4/FCA2 vs. NOTT2"]
[Site "Wokefield Park ENG"]
[Date "2007.11.24"]
[Round "3.5"]
[White "Shaw, John S"]
[Black "Hill, Maurice J"]
[Result "1/2-1/2"]
[WhiteElo "1890"]
[BlackElo "1950"]
[PlyCount "43"]
[EventDate "2007.11.24"]
[EventType "team"]
[EventRounds "11"]
[EventCountry "ENG"]
[SourceDate "2007.09.15"]

1. d4 Nf6 2. Nf3 g6 3. Nc3 d5 4. Bf4 c6 5. Qd2 Bg7 6. Bh6 O-O 7. Bxg7 Kxg7 8.
e3 Nbd7 9. Bd3 Qb6 10. O-O-O c5 11. Na4 Qc6 12. Nxc5 Nxc5 13. dxc5 Qxc5 14.
Rhe1 Bg4 15. h3 Bxf3 16. gxf3 Rfd8 17. f4 Rac8 18. f3 e6 19. e4 dxe4 20. fxe4
Rc7 21. Kb1 Rcd7 22. Qe3 1/2-1/2

[Event "4NCL/Div4/FCA2 vs. NOTT2"]
[Site "Wokefield Park ENG"]
[Date "2007.11.24"]
[Round "3.6"]
[White "Myers, Richard"]
[Black "Evans, Helen"]
[Result "1-0"]
[WhiteElo "1845"]
[BlackElo "1695"]
[PlyCount "75"]
[EventDate "2007.11.24"]
[EventType "team"]
[EventRounds "11"]
[EventCountry "ENG"]
[SourceDate "2007.09.15"]

1. d4 d6 2. e4 Nf6 3. Nc3 c6 4. Bd3 e5 5. Nge2 Qb6 6. d5 cxd5 7. Nxd5 Nxd5 8.
exd5 Be7 9. O-O Nd7 10. c4 a5 11. Nc3 Nf6 12. Kh1 Ng4 13. Qe2 O-O 14. h3 Nf6
15. f4 exf4 16. Bxf4 Qd8 17. Rae1 Re8 18. Bg5 Bd7 19. Qc2 Qc8 20. b3 h6 21. Bh4
Bxh3 22. Bxf6 Bxg2+ 23. Qxg2 Bxf6 24. Rxe8+ Qxe8 25. Rxf6 Qe1+ 26. Rf1 Qxc3 27.
Qf3 Kh8 28. Qe4 Kg8 29. Qh7+ Kf8 30. Qg6 f6 31. Bf5 Re8 32. Be6 Rxe6 33. dxe6
Qh3+ 34. Kg1 Qxe6 35. Qg3 Kf7 36. Rd1 Qe5 37. Qxe5 fxe5 38. Rxd6 1-0

[Event "4NCL/Div4/ANGA2 vs. LIT1"]
[Site "Wokefield Park ENG"]
[Date "2007.11.24"]
[Round "3.1"]
[White "Reynolds, D Ian"]
[Black "Byron, Alan M"]
[Result "0-1"]
[WhiteElo "2077"]
[BlackElo "2217"]
[PlyCount "104"]
[EventDate "2007.11.24"]
[EventType "team"]
[EventRounds "11"]
[EventCountry "ENG"]
[SourceDate "2007.09.15"]

1. e4 c5 2. c3 Nf6 3. e5 Nd5 4. Nf3 e6 5. d4 cxd4 6. cxd4 d6 7. Bc4 Nb6 8. Bd3
Nc6 9. a3 Be7 10. O-O O-O 11. Nc3 d5 12. Qc2 h6 13. Be3 Bd7 14. Qe2 Be8 15. Nd2
f5 16. f4 Rc8 17. g4 Na5 18. Kh1 Nac4 19. gxf5 exf5 20. Nf3 a6 21. Rac1 Nxe3
22. Qxe3 Nc4 23. Qe2 b5 24. a4 Kh8 25. axb5 axb5 26. b3 Na5 27. Qb2 b4 28. Ne2
Rxc1 29. Rxc1 Bc6 30. Qc2 g6 31. Ra1 Bb7 32. Nc1 Qb6 33. Qa2 Nc6 34. Qf2 Nd8
35. Qa2 Nc6 36. Qf2 Kh7 37. Bf1 Nd8 38. Qa2 Ne6 39. Qa7 Qc7 40. Qa2 Ra8 41. Qb2
Rxa1 42. Qxa1 Nxf4 43. Nd3 Nxd3 44. Bxd3 Qc3 45. Qd1 Bc8 46. Bf1 Be6 47. Ng1
Kg7 48. Bg2 f4 49. Ne2 Qe3 50. Qf1 g5 51. Bf3 g4 52. Qg2 Qxf3 0-1

[Event "4NCL/Div4/ANGA2 vs. LIT1"]
[Site "Wokefield Park ENG"]
[Date "2007.11.24"]
[Round "3.2"]
[White "Mansson, James C"]
[Black "Feavyour, John"]
[Result "1/2-1/2"]
[WhiteElo "2161"]
[BlackElo "2083"]
[PlyCount "80"]
[EventDate "2007.11.24"]
[EventType "team"]
[EventRounds "11"]
[EventCountry "ENG"]
[SourceDate "2007.09.15"]

1. Nf3 d5 2. d4 Nf6 3. c4 c6 4. Nc3 dxc4 5. a4 Bf5 6. Ne5 Nbd7 7. Nxc4 Qc7 8.
g3 e5 9. dxe5 Nxe5 10. Bf4 Nfd7 11. Bg2 f6 12. O-O Rd8 13. Qc1 Be7 14. Rd1 O-O
15. Ne3 Bg6 16. Ncd5 Qd6 17. Nc4 Qe6 18. Nxe7+ Qxe7 19. Nxe5 Nxe5 20. Qe3 Qb4
21. Qc3 Rxd1+ 22. Rxd1 Qxa4 23. b3 Qb5 24. Ra1 Rd8 25. Bf1 Bf7 26. Rxa7 Qxb3
27. Qxb3 Bxb3 28. Rxb7 Bc4 29. Rb1 Kf7 30. Rc1 Bb5 31. f3 g5 32. Bxe5 fxe5 33.
Kf2 Rd2 34. Ke3 Ra2 35. Rd1 Ke7 36. Re1 Kf6 37. Bh3 Ra3+ 38. Kf2 Ra2 39. Ke3
Ra3+ 40. Kf2 Ra2 1/2-1/2

[Event "4NCL/Div4/ANGA2 vs. LIT1"]
[Site "Wokefield Park ENG"]
[Date "2007.11.24"]
[Round "3.3"]
[White "Lunn, Timothy"]
[Black "Jones, Christopher M"]
[Result "1-0"]
[WhiteElo "2075"]
[BlackElo "2145"]
[PlyCount "57"]
[EventDate "2007.11.24"]
[EventType "team"]
[EventRounds "11"]
[EventCountry "ENG"]
[SourceDate "2007.09.15"]

1. Nf3 Nf6 2. c4 g6 3. Nc3 Bg7 4. e4 d6 5. d4 O-O 6. Be2 Nc6 7. O-O e5 8. d5
Ne7 9. b4 Ne8 10. c5 f5 11. Nd2 Nf6 12. a4 Kh8 13. cxd6 cxd6 14. Ba3 fxe4 15.
Rc1 Bh6 16. Ndxe4 Nxe4 17. Nxe4 Bxc1 18. Bxc1 Bf5 19. Ng5 Qc8 20. g4 Bc2 21.
Qd2 Bb3 22. Ne6 Rf7 23. Ng5 Rf4 24. Ne6 Nxd5 25. Nxf4 Nxf4 26. Bf3 Bd5 27. Bxd5
Qxg4+ 28. Kh1 Rc8 29. Qxf4 1-0

[Event "4NCL/Div4/ANGA2 vs. LIT1"]
[Site "Wokefield Park ENG"]
[Date "2007.11.24"]
[Round "3.4"]
[White "Salisbury, Michael W"]
[Black "Ruthen, Steven"]
[Result "1/2-1/2"]
[WhiteElo "2137"]
[BlackElo "2050"]
[PlyCount "42"]
[EventDate "2007.11.24"]
[EventType "team"]
[EventRounds "11"]
[EventCountry "ENG"]
[SourceDate "2007.09.15"]

1. e4 e5 2. Nf3 Nc6 3. Bc4 Nf6 4. Nc3 Nxe4 5. Nxe4 d5 6. Bd3 dxe4 7. Bxe4 Bg4
8. Bxc6+ bxc6 9. Qe2 Be7 10. Qe4 Bxf3 11. Qxf3 Qd5 12. d3 Qxf3 13. gxf3 Bd6 14.
Rg1 g6 15. Bh6 f5 16. O-O-O O-O-O 17. Rde1 Rde8 18. Bd2 Kd7 19. Bc3 Rhf8 20.
Rg2 c5 21. h4 Rg8 1/2-1/2

[Event "4NCL/Div4/ANGA2 vs. LIT1"]
[Site "Wokefield Park ENG"]
[Date "2007.11.24"]
[Round "3.5"]
[White "Botham, Paul"]
[Black "Gibson, Christopher A"]
[Result "1/2-1/2"]
[WhiteElo "2049"]
[BlackElo "2032"]
[PlyCount "50"]
[EventDate "2007.11.24"]
[EventType "team"]
[EventRounds "11"]
[EventCountry "ENG"]
[SourceDate "2007.09.15"]

1. d4 Nf6 2. Nf3 e6 3. Bg5 c5 4. e3 Be7 5. c3 b6 6. Nbd2 Bb7 7. h3 O-O 8. Bd3
d6 9. O-O Nbd7 10. Re1 Qc7 11. Qc2 Rfe8 12. Rac1 Nf8 13. Bh4 Ng6 14. Bg3 Rac8
15. Qb1 Nh5 16. Bh2 Rf8 17. b4 cxd4 18. cxd4 Qd7 19. b5 Nf6 20. e4 Rxc1 21.
Rxc1 Rc8 22. Rxc8+ Qxc8 23. Qc2 Qd7 24. a4 Nh5 25. Bf1 Nf6 1/2-1/2

[Event "4NCL/Div4/ANGA2 vs. LIT1"]
[Site "Wokefield Park ENG"]
[Date "2007.11.24"]
[Round "3.6"]
[White "Jaszkiwskyj, Peter"]
[Black "Szymanski, Mark"]
[Result "1/2-1/2"]
[WhiteElo "2005"]
[BlackElo "2015"]
[PlyCount "102"]
[EventDate "2007.11.24"]
[EventType "team"]
[EventRounds "11"]
[EventCountry "ENG"]
[SourceDate "2007.09.15"]

1. e4 e5 2. Nf3 Nc6 3. Bb5 a6 4. Ba4 Nf6 5. O-O Nxe4 6. d4 b5 7. Bb3 d5 8. dxe5
Be6 9. c3 Be7 10. Be3 O-O 11. Nbd2 Nxd2 12. Qxd2 Na5 13. Bc2 Nc4 14. Qd3 g6 15.
Bc1 Bf5 16. Qe2 Bxc2 17. Qxc2 Qd7 18. b3 Nb6 19. Qd2 Rfe8 20. Re1 Bf8 21. h3
Bg7 22. Qd4 Qf5 23. Bf4 Rac8 24. g4 Qd7 25. Rad1 c5 26. Qd3 Rc6 27. Qd2 h5 28.
Nh2 Rce6 29. gxh5 Bxe5 30. Bxe5 Rxe5 31. Rxe5 Rxe5 32. Ng4 Re6 33. Qg5 Qd6 34.
f4 d4 35. Ne5 Nd7 36. hxg6 Nxe5 37. gxf7+ Kxf7 38. Qf5+ Kg7 39. fxe5 Qd5 40.
Rd2 Rg6+ 41. Kh2 d3 42. Rf2 Qd8 43. Qf7+ Kh6 44. c4 Qg5 45. Qf8+ Kh7 46. Rf7+
Rg7 47. Rxg7+ Qxg7 48. Qf5+ Qg6 49. Qd7+ Kh6 50. e6 Qf5 51. Qd6 Qf2+ 1/2-1/2

[Event "4NCL/Div4/CELT2 vs. OXF3"]
[Site "Wokefield Park ENG"]
[Date "2007.11.24"]
[Round "3.1"]
[White "Wagner, Guy"]
[Black "Chen, Ti"]
[Result "0-1"]
[WhiteElo "1818"]
[BlackElo "1995"]
[PlyCount "78"]
[EventDate "2007.11.24"]
[EventType "team"]
[EventRounds "11"]
[EventCountry "ENG"]
[SourceDate "2007.09.15"]

1. Nf3 d5 2. c4 e6 3. g3 Nf6 4. Bg2 Be7 5. b3 c6 6. Bb2 Nbd7 7. O-O O-O 8. d3
b5 9. cxb5 cxb5 10. Nbd2 Bb7 11. Rc1 Qa5 12. a4 b4 13. e4 Nc5 14. Bxf6 Bxf6 15.
e5 Be7 16. d4 Nd7 17. Re1 Rac8 18. Qe2 Ba6 19. Qe3 Rc3 20. Rxc3 bxc3 21. Nb1 c2
22. Nbd2 Rc8 23. Rc1 Ba3 24. Qe1 Qc3 25. Rxc2 Qxc2 26. Qe3 Qd1+ 27. Nf1 Bc1 28.
Qe1 Qxb3 29. Nh4 Qc3 30. Qd1 Qc2 31. Qg4 Be2 32. Qh3 Qd1 33. Nf5 exf5 34. Qxf5
Bg4 35. Qb1 Ba3 36. Qa2 Be2 37. Qxd5 Bxf1 38. Bxf1 Rc1 39. Qb5 Qxf1+ 0-1

[Event "4NCL/Div4/CELT2 vs. OXF3"]
[Site "Wokefield Park ENG"]
[Date "2007.11.24"]
[Round "3.2"]
[White "Hadi, Justin"]
[Black "Kitchen, Peter J"]
[Result "1-0"]
[WhiteElo "1985"]
[BlackElo "1875"]
[PlyCount "39"]
[EventDate "2007.11.24"]
[EventType "team"]
[EventRounds "11"]
[EventCountry "ENG"]
[SourceDate "2007.09.15"]

1. e4 e6 2. d4 d5 3. e5 c5 4. c3 Nc6 5. Nf3 Qb6 6. a3 f6 7. Bd3 cxd4 8. cxd4
Bd7 9. O-O fxe5 10. dxe5 Bc5 11. Nc3 Nd4 12. Nxd4 Bxd4 13. Qh5+ Kf8 14. Ne2 Be8
15. Qf3+ Ke7 16. Bg5+ Kd7 17. Nxd4 Qxd4 18. Bb5+ Kc8 19. Rac1+ Bc6 20. Qf8+ 1-0

[Event "4NCL/Div4/CELT2 vs. OXF3"]
[Site "Wokefield Park ENG"]
[Date "2007.11.24"]
[Round "3.3"]
[White "Larter, Nick"]
[Black "Zhang, Marco"]
[Result "1-0"]
[WhiteElo "1780"]
[BlackElo "1925"]
[PlyCount "87"]
[EventDate "2007.11.24"]
[EventType "team"]
[EventRounds "11"]
[EventCountry "ENG"]
[SourceDate "2007.09.15"]

1. e4 c5 2. c4 d6 3. Nc3 Nc6 4. g3 g6 5. Bg2 Bg7 6. Nge2 Bg4 7. f3 Bd7 8. O-O
Nf6 9. d3 O-O 10. Rb1 Nh5 11. g4 Nf6 12. Ng3 Be6 13. Be3 Nd7 14. Nce2 Nde5 15.
h3 Nb4 16. Nc1 Rb8 17. a3 Na6 18. f4 Nc6 19. f5 Bd7 20. Nce2 Ne5 21. Qd2 b5 22.
b3 Rb7 23. fxg6 fxg6 24. Rxf8+ Qxf8 25. Rf1 Qb8 26. Bg5 Bf8 27. Bf4 Bg7 28. Bg5
Qd8 29. Nc3 Nc7 30. Nge2 Bc6 31. d4 cxd4 32. Nxd4 Qd7 33. Nd5 Bxd5 34. cxd5 Ne8
35. Ne6 Bf6 36. Bxf6 exf6 37. Qh6 Qe7 38. g5 Nf7 39. gxf6 Nxh6 40. fxe7 Nf7 41.
Rxf7 Kxf7 42. Nd8+ Kxe7 43. Nxb7 Nf6 44. Na5 1-0

[Event "4NCL/Div4/CELT2 vs. OXF3"]
[Site "Wokefield Park ENG"]
[Date "2007.11.24"]
[Round "3.4"]
[White "Terry, Sean"]
[Black "Buttell, David"]
[Result "1-0"]
[WhiteElo "1823"]
[BlackElo "1755"]
[PlyCount "77"]
[EventDate "2007.11.24"]
[EventType "team"]
[EventRounds "11"]
[EventCountry "ENG"]
[SourceDate "2007.09.15"]

1. e4 c5 2. Nf3 d6 3. d4 cxd4 4. Nxd4 Nf6 5. Nc3 g6 6. Bc4 Bg7 7. O-O O-O 8.
Kh1 Nc6 9. Nb3 Bd7 10. h3 Rc8 11. Be3 a6 12. a4 Na5 13. Bd3 Nxb3 14. cxb3 Be6
15. a5 Nd7 16. Bc2 Ne5 17. f4 Nc6 18. f5 Bd7 19. Bb6 Qe8 20. b4 Nxb4 21. Bb3
Bb5 22. Rf3 Qd7 23. Qe1 Nc6 24. Qh4 Ne5 25. Nd5 Nxf3 26. Nxe7+ Kh8 27. gxf3 Bc4
28. Bxc4 Rxc4 29. f6 Re8 30. b3 Rb4 31. Rc1 Rxb6 32. axb6 Qb5 33. Rc7 Qf1+ 34.
Kh2 Qe2+ 35. Kg1 Qxf3 36. Nxg6+ fxg6 37. fxg7+ Kg8 38. e5 dxe5 39. Qc4+ 1-0

[Event "4NCL/Div4/CELT2 vs. OXF3"]
[Site "Wokefield Park ENG"]
[Date "2007.11.24"]
[Round "3.5"]
[White "Kitchen, Michael J"]
[Black "Henbest, Kevin B"]
[Result "1/2-1/2"]
[WhiteElo "1730"]
[BlackElo "1785"]
[PlyCount "111"]
[EventDate "2007.11.24"]
[EventType "team"]
[EventRounds "11"]
[EventCountry "ENG"]
[SourceDate "2007.09.15"]

1. d4 Nf6 2. c4 g6 3. Nc3 Bg7 4. e4 O-O 5. Nf3 d6 6. Be2 e5 7. d5 Nbd7 8. Qc2
a5 9. O-O Nc5 10. Bd2 Nh5 11. g3 f5 12. Ng5 Nf6 13. f4 h6 14. fxe5 dxe5 15. Be3
Qe7 16. Nf3 fxe4 17. Nxe5 Qxe5 18. Bxc5 Re8 19. Rad1 Ng4 20. Rf4 Qh5 21. Bxg4
Bxg4 22. Re1 b6 23. Be3 Bxc3 24. bxc3 Bf3 25. Rh4 Qf5 26. Qa4 h5 27. Qc6 Rac8
28. Rf4 Qe5 29. Qxg6+ Qg7 30. Rf6 Qxg6 31. Rxg6+ Kh7 32. Rc6 Rg8 33. Rb1 h4 34.
Rh6+ Kg7 35. Rxh4 Kf6 36. Rb5 Rcf8 37. Bf4 Rf7 38. Kf2 Re8 39. Ke3 Rd7 40. Rh6+
Kg7 41. Rc6 Ree7 42. d6 cxd6 43. Rbxb6 d5 44. Rd6 dxc4 45. a4 Kg8 46. Rbc6 Rb7
47. Rxc4 Rb2 48. Rd2 Rb1 49. Kf2 Rh1 50. h4 Rh2+ 51. Ke3 Rh1 52. Kf2 Rh2+ 53.
Ke3 Rh1 54. Kf2 Rh2+ 55. Ke1 Rh1+ 56. Kf2 1/2-1/2

[Event "4NCL/Div4/KJCAK vs. HAL"]
[Site "Wokefield Park ENG"]
[Date "2007.11.24"]
[Round "3.1"]
[White "Jones, William"]
[Black "Pugh, Glyn D"]
[Result "1-0"]
[WhiteElo "1986"]
[BlackElo "2000"]
[PlyCount "73"]
[EventDate "2007.11.24"]
[EventType "team"]
[EventRounds "11"]
[EventCountry "ENG"]
[SourceDate "2007.09.15"]

1. e4 e6 2. d3 d5 3. Qe2 d4 4. f4 Nc6 5. Nf3 Nf6 6. g3 Bc5 7. Bg2 Qe7 8. e5 Nd5
9. c4 Bb4+ 10. Kf2 Ne3 11. Bxe3 dxe3+ 12. Qxe3 a5 13. d4 a4 14. a3 Ba5 15. Nc3
Bd7 16. Nxa4 Nxd4 17. Nxd4 Bxa4 18. b4 c5 19. bxa5 cxd4 20. Qxd4 Rxa5 21. Rab1
O-O 22. Qd6 Qxd6 23. exd6 Rc5 24. Rbc1 Bc6 25. Bxc6 bxc6 26. Ke3 f6 27. Kd4 Ra5
28. c5 Rxa3 29. Ra1 Rfa8 30. Rxa3 Rxa3 31. Rb1 Ra4+ 32. Kc3 Ra8 33. Rb7 Kf8 34.
Re7 Ra3+ 35. Kb4 Re3 36. Rc7 e5 37. Rc8+ 1-0

[Event "4NCL/Div4/KJCAK vs. HAL"]
[Site "Wokefield Park ENG"]
[Date "2007.11.24"]
[Round "3.2"]
[White "Lee, Darren"]
[Black "Bayliss, Lyall C P"]
[Result "1-0"]
[WhiteElo "1950"]
[BlackElo "1967"]
[PlyCount "71"]
[EventDate "2007.11.24"]
[EventType "team"]
[EventRounds "11"]
[EventCountry "ENG"]
[SourceDate "2007.09.15"]

1. e4 e5 2. Nf3 Nc6 3. Bb5 a6 4. Ba4 Nf6 5. Qe2 Be7 6. c3 b5 7. Bc2 O-O 8. d3
d6 9. Nbd2 Nd7 10. Nf1 Nb6 11. Ng3 Be6 12. O-O h6 13. Rd1 Kh7 14. d4 Bg4 15. h3
Bxf3 16. Qxf3 g6 17. Nf5 gxf5 18. exf5 f6 19. Qxc6 Nd7 20. Qf3 Rg8 21. Qh5 Bf8
22. Bb3 Qe8 23. Bf7 Qe7 24. Bxg8+ Kxg8 25. Bxh6 Qh7 26. Qg4+ Kh8 27. Bxf8 Rxf8
28. d5 e4 29. Qg6 Qh4 30. Qg4 Qh7 31. Qxe4 Rg8 32. Kf1 Nc5 33. Qf3 Qh4 34. Rd4
Qh6 35. Re1 Rg5 36. Rg4 1-0

[Event "4NCL/Div4/KJCAK vs. HAL"]
[Site "Wokefield Park ENG"]
[Date "2007.11.24"]
[Round "3.3"]
[White "Jones, Victor"]
[Black "Bull, Philip"]
[Result "1/2-1/2"]
[WhiteElo "1851"]
[BlackElo "1915"]
[PlyCount "99"]
[EventDate "2007.11.24"]
[EventType "team"]
[EventRounds "11"]
[EventCountry "ENG"]
[SourceDate "2007.09.15"]

1. e4 c5 2. Nf3 a6 3. d3 Nc6 4. g3 d6 5. Bg2 g6 6. O-O Bg7 7. c3 Bg4 8. Nbd2
Qd7 9. Re1 Ne5 10. Nc4 Nxc4 11. dxc4 Rd8 12. Qc2 e5 13. Be3 Nf6 14. Rad1 Qc6
15. h3 Be6 16. Nd2 Qc8 17. Kh2 h5 18. Nf3 Bxc4 19. Nh4 Nh7 20. f4 Bf6 21. Nf3
O-O 22. f5 Qc7 23. a4 a5 24. b3 Ba6 25. c4 b6 26. g4 hxg4 27. hxg4 g5 28. Qc1
Qe7 29. Kg3 Bb7 30. Bd2 Kg7 31. Rh1 Bxe4 32. Nxg5 Nxg5 33. Rh5 Bxg2 34. Bxg5
Rh8 35. Bh6+ Kg8 36. Kxg2 Bg7 37. Rdh1 f6 38. Bxg7 Kxg7 39. Rh6 Qb7+ 40. Kf2
Qe7 41. g5 Rxh6 42. Rxh6 fxg5 43. f6+ Qxf6+ 44. Rxf6 Kxf6 45. Ke3 Rh8 46. Qd1
Rh3+ {=} 47. Ke4 Rh4+ 48. Kf3 Rd4 {=} 49. Qc2 e4+ 50. Ke3 1/2-1/2

[Event "4NCL/Div4/KJCAK vs. HAL"]
[Site "Wokefield Park ENG"]
[Date "2007.11.24"]
[Round "3.4"]
[White "Asbury, Jon A"]
[Black "Lunn, Matt"]
[Result "0-1"]
[WhiteElo "1870"]
[BlackElo "1822"]
[PlyCount "52"]
[EventDate "2007.11.24"]
[EventType "team"]
[EventRounds "11"]
[EventCountry "ENG"]
[SourceDate "2007.09.15"]

1. d4 Nf6 2. c4 g6 3. Nc3 Bg7 4. e4 d6 5. f3 O-O 6. Be3 c5 7. dxc5 dxc5 8. Qxd8
Rxd8 9. Bxc5 Nc6 10. Nge2 Nd7 11. Be3 Nde5 12. Nf4 Nb4 13. Rc1 g5 14. Bc5 gxf4
15. Bxb4 Nc6 16. Bc5 Be6 17. Be2 b6 18. Bf2 Rac8 19. b3 Nb4 20. a3 Nd3+ 21.
Bxd3 Rxd3 22. Nd5 Bxd5 23. exd5 Rxb3 24. O-O Rxa3 25. c5 bxc5 26. Bxc5 Rxc5 0-1

[Event "4NCL/Div4/KJCAK vs. HAL"]
[Site "Wokefield Park ENG"]
[Date "2007.11.24"]
[Round "3.5"]
[White "Maguire, Robert"]
[Black "Llewelyn, John D"]
[Result "1-0"]
[WhiteElo "1703"]
[BlackElo "1810"]
[PlyCount "97"]
[EventDate "2007.11.24"]
[EventType "team"]
[EventRounds "11"]
[EventCountry "ENG"]
[SourceDate "2007.09.15"]

1. e4 e5 2. Nf3 Nc6 3. Bb5 a6 4. Ba4 d6 5. O-O g6 6. d4 b5 7. Bb3 Bg7 8. Ng5
Nh6 9. dxe5 dxe5 10. Qxd8+ Nxd8 11. Be3 f6 12. Nf3 Ne6 13. Nc3 c6 14. a4 b4 15.
Na2 a5 16. Nd2 Ke7 17. Nc4 Ba6 18. Rad1 Nf7 19. Nxa5 Nfd8 20. Rfe1 Rb8 21. Bxe6
Kxe6 22. Ba7 Ra8 23. Bc5 Bc8 24. Bxb4 c5 25. Bc3 Bd7 26. b3 Nf7 27. Nc4 Bxa4
28. Nb6 Bxb3 29. Nxa8 Rxa8 30. cxb3 Rxa2 31. Ra1 Rc2 32. Rec1 Re2 33. f3 Bh6
34. Kf1 Bxc1 35. Kxe2 Bg5 36. Ra5 Kd6 37. Ra6+ Kd7 38. Ra7+ Ke6 39. Rc7 f5 40.
exf5+ gxf5 41. Rxc5 Be7 42. Ra5 h5 43. b4 Bd6 44. b5 e4 45. fxe4 fxe4 46. Ra6
Kd5 47. Ra7 Ne5 48. Bxe5 Bxe5 49. Rh7 1-0

[Event "4NCL/Div4/KJCAK vs. HAL"]
[Site "Wokefield Park ENG"]
[Date "2007.11.24"]
[Round "3.6"]
[White "Pakenham, John H"]
[Black "Gahir, Jasdeep"]
[Result "1-0"]
[WhiteElo "1680"]
[BlackElo "1715"]
[PlyCount "51"]
[EventDate "2007.11.24"]
[EventType "team"]
[EventRounds "11"]
[EventCountry "ENG"]
[SourceDate "2007.09.15"]

1. d4 d5 2. Nf3 Nf6 3. c4 dxc4 4. Nc3 e6 5. Bg5 Be7 6. e4 O-O 7. Bxc4 c5 8. d5
exd5 9. exd5 a6 10. a4 Qd6 11. O-O Nbd7 12. Re1 Re8 13. Qd3 Nb6 14. b3 g6 15.
Qd2 Bg4 16. Bf4 Qd8 17. d6 Bf8 18. Ne5 Be6 19. Bxe6 Rxe6 20. Nf3 Rxe1+ 21. Rxe1
Nh5 22. Ne4 Nxf4 23. Qxf4 f5 24. Nfg5 Nd5 25. Qe5 fxe4 26. Qxd5+ 1-0

[Event "4NCL/Div4/CONQ2 vs. GUI5"]
[Site "Wokefield Park ENG"]
[Date "2007.11.24"]
[Round "3.1"]
[White "Cork, David J"]
[Black "Shaw, Matthew"]
[Result "0-1"]
[WhiteElo "2026"]
[BlackElo "1935"]
[PlyCount "48"]
[EventDate "2007.11.24"]
[EventType "team"]
[EventRounds "11"]
[EventCountry "ENG"]
[SourceDate "2007.09.15"]

1. e4 e6 2. d4 d5 3. Nc3 Nf6 4. Bg5 Be7 5. e5 Nfd7 6. Bxe7 Qxe7 7. f4 O-O 8.
Nf3 c5 9. Bd3 f6 10. dxc5 Nc6 11. exf6 Qxf6 12. Ng5 Qxf4 13. Bxh7+ Kh8 14. Qh5
Nf6 15. Nf7+ Rxf7 16. Qxf7 Qe3+ 17. Ne2 Kxh7 18. Rd1 Ne5 19. Qf8 Bd7 20. Qxa8
Bb5 21. c4 Bxc4 22. Rd2 Ne4 23. Rc2 Nd3+ 24. Kd1 Nef2# 0-1

[Event "4NCL/Div4/CONQ2 vs. GUI5"]
[Site "Wokefield Park ENG"]
[Date "2007.11.24"]
[Round "3.2"]
[White "Albrecht, Theo"]
[Black "Auckland, Elliott"]
[Result "0-1"]
[WhiteElo "1900"]
[BlackElo "1904"]
[PlyCount "76"]
[EventDate "2007.11.24"]
[EventType "team"]
[EventRounds "11"]
[EventCountry "ENG"]
[SourceDate "2007.09.15"]

1. e4 c5 2. d3 Nf6 3. c3 Nc6 4. Be2 d5 5. Nd2 g6 6. Ngf3 Qc7 7. Qc2 Bg7 8. O-O
O-O 9. Re1 Nh5 10. Nf1 dxe4 11. dxe4 f5 12. exf5 Bxf5 13. Bd3 Nf4 14. Bxf4 Qxf4
15. Bxf5 gxf5 16. Re6 Rf6 17. Rae1 c4 18. Qe2 Rd8 19. Ng3 Rd6 20. Rxf6 Bxf6 21.
Nh5 Qg4 22. Nxf6+ Rxf6 23. Qe3 Rg6 24. g3 f4 25. Qe4 fxg3 26. hxg3 h5 27. Nh4
Rd6 28. Qxg4+ hxg4 29. Re2 Kf7 30. Nf5 Re6 31. Kf1 Rxe2 32. Kxe2 Ne5 33. Nd4
Nd3 34. b3 Ne5 35. Ke3 Kf6 36. b4 Nd3 37. a4 a5 38. b5 Nc5 {time} 0-1

[Event "4NCL/Div4/CONQ2 vs. GUI5"]
[Site "Wokefield Park ENG"]
[Date "2007.11.24"]
[Round "3.3"]
[White "Suarez Prendes, Rufino"]
[Black "Horlock, Peter"]
[Result "1-0"]
[WhiteElo "1893"]
[BlackElo "1870"]
[PlyCount "87"]
[EventDate "2007.11.24"]
[EventType "team"]
[EventRounds "11"]
[EventCountry "ENG"]
[SourceDate "2007.09.15"]

1. e4 e5 2. Nf3 Nc6 3. Nc3 Nge7 4. d4 exd4 5. Nd5 d6 6. Nxd4 Nxd4 7. Qxd4 Ng6
8. Be3 c6 9. Nc3 Ne5 10. O-O-O c5 11. Qd2 Be7 12. f4 Nc6 13. Bc4 Bg4 14. Be2
Bxe2 15. Qxe2 Qa5 16. Qb5 O-O 17. Qxa5 Nxa5 18. Nd5 Bd8 19. Rhe1 b5 20. Bf2 Nb7
21. g4 a5 22. Bg3 a4 23. f5 f6 24. Nc3 b4 25. Nb5 b3 26. cxb3 axb3 27. a3 c4
28. Nxd6 Bc7 29. Nxb7 Bxg3 30. hxg3 c3 31. bxc3 Rxa3 32. Kb2 Ra7 33. Nc5 Rb8
34. Ra1 Re7 35. Ne6 g6 36. Ra3 Rd7 37. Re2 Rdb7 38. Rd2 gxf5 39. exf5 Rb5 40.
Rd8+ Rxd8 41. Nxd8 Rd5 42. Ne6 Rd3 43. Rxb3 Rxg3 44. Rb4 1-0